000 00591nam a2200217Ia 4500
001 3164
003 GE_BSU
008 181216s||||||||xx |||||||||||||| ||und||
040 _cGE_BSU
080 _a514.18(075.8)
100 _aКузнецов,Н.С.
245 _aНачертательная геометрия.
245 _bУчебник.
245 _cРед.Л.Н.Чудеева.
260 _aМ.
260 _bВысш. школа.
260 _c1969.
300 _a501 стр. с илл. 26 см.
653 _aНачертательная геометрия.
942 _cBK
999 _c37207
_d37207